00708nam a22002172 4500001001100000005001700011008004100028020001700069040001500086100003600101245010200137250001300239260003100252300001700283650002100300650002900321650004900350650005300399700003500452852000300487000002459920151217155236.0140110s xx 000 0 eng d a0199757213 : aKABUcKABU1 aFletcher, George P.@000018494410aDefending humanity :bwhen force is justified and why /cGeorge P. Fletcher and Jens David Ohlin. a1st ed. aOxford :bO. U. P.,c2008. axvi, 268 p. 0aWar.@0000183026 0aWarxCauses.@0000184945 0aIntervention (International law)@0000135107 0aPreemptive attack (Military science)@00001849461 aOhlin, Jens David.@00001849471